[Event "IM"]
[Site "Szombathely HUN"]
[Date "2010.08.01"]
[Round "6"]
[White "Banas,J"]
[Black "Lizak,P"]
[Result "1/2-1/2"]
[WhiteElo "2312"]
[BlackElo "2337"]

1.Nf3 d5 2.g3 Nf6 3.Bg2 c6 4.O-O Bg4 5.b3 Nbd7 6.Bb2 e6 7.d3 Bd6 8.Nbd2 O-O
9.h3 Bh5 10.Qe1 e5 11.e4  1/2-1/2

[Event "19th Open"]
[Site "Kavala GRE"]
[Date "2010.08.02"]
[Round "4"]
[White "Zablotsky,S"]
[Black "Borovikov,V"]
[Result "0-1"]
[WhiteElo "2553"]
[BlackElo "2601"]

1.Nf3 d5 2.g3 c6 3.Bg2 Bg4 4.O-O Nd7 5.d4 e6 6.Re1 Ngf6 7.Nbd2 Be7 8.e4 O-O
9.c3 Bh5 10.e5 Ne8 11.Nb3 c5 12.Be3 cxd4 13.Bxd4 Nc7 14.a4 Na6 15.Nc1 Nab8
16.Qb3 Qc7 17.Nd3 Nc6 18.Nf4 Bxf3 19.Bxf3 Bc5 20.Bxd5 exd5 21.Nxd5 Qd8 22.Qxb7 Bxd4
23.Red1 Ndxe5  0-1

[Event "49th WJun"]
[Site "Chotowa POL"]
[Date "2010.08.03"]
[Round "1"]
[White "Fodor,T jr"]
[Black "Duda,J"]
[Result "1/2-1/2"]
[WhiteElo "2452"]
[BlackElo "2175"]

1.Nf3 d5 2.g3 Nf6 3.Bg2 g6 4.c4 Bg7 5.O-O O-O 6.Nc3 c5 7.cxd5 Nxd5 8.Qb3 Nb6
9.d3 Nc6 10.Ne4 Be6 11.Qd1 Nd7 12.Neg5 Bd5 13.e4 Be6 14.Nxe6 fxe6 15.Qb3 Nde5
16.Nxe5 Nxe5 17.Qxe6+ Kh8 18.Be3 Nxd3 19.Rad1 Rf6 20.Qb3 Rd6 21.Qxb7 Rb6
22.Qd5 Qxd5 23.exd5 Nxb2 24.Bxc5 Nxd1 25.Bxb6 axb6 26.d6 Ra7 27.Rxd1 exd6
28.Rxd6 Bc3 29.Bd5 Bd4 30.Kg2 Bc5 31.Rd8+ Kg7 32.Bb3 Re7 33.Rd2 Kf6 34.h4 Kg7
35.g4 h6 36.Bc2 Rf7 37.Be4 Re7 38.f3 Ra7 39.Kf1 Rf7 40.Ke2 Be7 41.Rb2 Rf6
42.Rc2 Re6 43.Rc7 Kf8 44.h5 gxh5 45.gxh5 Re5 46.Rc8+ Kg7 47.Rc6 Rxh5 48.Rxb6 Rh2+
49.Kd3 Rxa2 50.Rg6+ Kf7 51.Rxh6 Rd2+ 52.Kc4 Rd6 53.Rh7+ Ke6 54.Rh5 Kf6 55.f4 Rd1
56.Rh6+ Kg7 57.Rh7+ Kf6 58.Bd5 Ba3  1/2-1/2

[Event "Politiken Cup"]
[Site "Copenhagen DEN"]
[Date "2010.08.03"]
[Round "5"]
[White "Solli,O"]
[Black "Taksrud,V"]
[Result "0-1"]
[WhiteElo "1914"]
[BlackElo "2097"]

1.Nf3 d5 2.g3 c5 3.Bg2 Nc6 4.c4 Nf6 5.cxd5 Nxd5 6.Nc3 Nc7 7.d3 e5 8.O-O Be7
9.Be3 O-O 10.Rc1 Bd7 11.Qd2 Rc8 12.Rfd1 b6 13.Ne1 Nd4 14.f4 Nf5 15.fxe5 Nxe3
16.Qxe3 Bg5  0-1

[Event "97th ch-GBR"]
[Site "Canterbury ENG"]
[Date "2010.08.04"]
[Round "9"]
[White "Clarke,B"]
[Black "Pleasants,A"]
[Result "1-0"]
[WhiteElo "2097"]
[BlackElo "2032"]

1.Nf3 d5 2.g3 c6 3.d4 Nf6 4.Bg2 e6 5.O-O Be7 6.b3 O-O 7.Bb2 Nbd7 8.c4 b6
9.Nbd2 Bb7 10.Ne5 c5 11.e3 Rc8 12.f4 Nxe5 13.dxe5 Nd7 14.cxd5 exd5 15.Nb1 c4
16.Nc3 Bc5 17.Bxd5 Bxe3+ 18.Kg2 Rc7 19.Qf3 Qa8 20.Bxb7 Qxb7 21.Nd5  1-0

[Event "Dutch Open"]
[Site "Dieren NED"]
[Date "2010.08.04"]
[Round "8"]
[White "Pedersen,NicV"]
[Black "Rijnaarts,S"]
[Result "1-0"]
[WhiteElo "2461"]
[BlackElo "2264"]

1.Nf3 d5 2.g3 c6 3.Bg2 Nf6 4.d3 Bg4 5.O-O Nbd7 6.c4 dxc4 7.dxc4 e5 8.h3 Bh5
9.Nh4 Bc5 10.Nc3 a5 11.Na4 Qc7 12.Nf5 O-O 13.g4 Bg6 14.Nxc5 Nxc5 15.Qd6 Qxd6
16.Nxd6 Rfd8 17.f4 exf4 18.Bxf4 Nfe4 19.Rfd1 Nxd6 20.Bxd6 Na4 21.Ba3 Bc2
22.Rxd8+ Rxd8 23.c5 Rd1+ 24.Rxd1 Bxd1 25.Be4 Bxe2 26.Kf2 Bc4 27.Bc2 Bb5 28.Ke3 g5
29.Kd2 h6 30.b3 Bf1 31.bxa4 Bxh3 32.Bd1 f5 33.gxf5 Bxf5 34.Bb2 Kf7 35.Bc3 Kg6
36.Bxa5 h5 37.Ke3 h4 38.Bd8 Bb1 39.a3 Kf5 40.a5 h3 41.Bc7 g4 42.Be2 Kg5 43.Bg3  1-0

[Event "IM3 Ave-Kontakt Cup"]
[Site "Olomouc CZE"]
[Date "2010.08.05"]
[Round "2"]
[White "Biolek,R2"]
[Black "Chlost,M"]
[Result "1-0"]
[WhiteElo "2441"]
[BlackElo "2163"]

1.Nf3 d5 2.g3 c5 3.Bg2 Nc6 4.d4 Nf6 5.O-O e6 6.c4 Be7 7.cxd5 exd5 8.dxc5 Bxc5
9.Bg5 O-O 10.Nc3 d4 11.Bxf6 Qxf6 12.Ne4 Qe7 13.Nxc5 Qxc5 14.Qd2 Bg4 15.Rac1 Qh5
16.Nxd4 Nxd4 17.Qxd4 Rfd8 18.Qf4 Bxe2 19.Rfe1 Qg4 20.Bxb7 Qxf4 21.gxf4 Rab8
22.Rxe2 Rxb7 23.Rc4 h6 24.Kg2 Rd3 25.b3 Rbd7 26.Ra4 Rc7 27.Ra5 g6 28.f5 g5
29.f6 Rd6 30.Re8+ Kh7 31.Re7 Rc2 32.Rxf7+ Kg6 33.Rg7+ Kxf6 34.Raxa7 Rdd2
35.Raf7+ Ke6 36.Rf3 Rxa2 37.Rg6+ Ke5 38.Rxh6 g4 39.Rh5+ Ke6 40.Rf4 Rab2 41.b4  1-0

[Event "49th WJun"]
[Site "Chotowa POL"]
[Date "2010.08.06"]
[Round "4"]
[White "Martinovic,Sa"]
[Black "Ivanov,StojanL"]
[Result "1-0"]
[WhiteElo "2505"]
[BlackElo "2223"]

1.Nf3 d5 2.g3 Nf6 3.Bg2 Bf5 4.O-O e6 5.d3 Be7 6.c4 c6 7.Nc3 O-O 8.Qb3 Qb6
9.Be3 Qxb3 10.axb3 a6 11.Nh4 Bg4 12.h3 Bh5 13.g4 Bg6 14.f4 Ne8 15.Nxg6 hxg6
16.Bf2 Nd7 17.Rad1 Nc7 18.e4 dxe4 19.dxe4 Rfd8 20.e5 Nc5 21.Na4 Nxa4 22.bxa4 Rxd1
23.Rxd1 Rd8 24.Rxd8+ Bxd8 25.Bb6 Kf8 26.b4 Ke8 27.a5 Kd7 28.Bc5 Bh4 29.Kf1 Bg3
30.Be3 Kd8 31.Be4 Kd7 32.Kg2 Be1 33.Bc5 Ke8 34.Bd6 Kd7 35.Kf3 Bh4 36.Bf8 Ne8
37.Bc5 Be1 38.Ke2 Bg3 39.Be3 Nc7 40.Bd2 Ke8 41.Bd3 Kd7 42.Be3 Kd8 43.Kf3 Be1
44.Bc5 Ke8 45.Bd6 Kd7 46.Bf8 Ne8 47.b5 g5 48.bxa6 bxa6 49.fxg5 Bxa5 50.h4 Bd2
51.g6 fxg6 52.Bxg6 a5 53.Bc2 Be1 54.h5 Bd2 55.Ba4 Bh6 56.Bc5 Bd2 57.Be3 Bc3
58.Ke4 Bb4 59.g5 Bf8 60.Bd2 Nc7 61.Bxa5 Na6 62.Bc2 Nc5+ 63.Kf4 Nb7 64.Bd2 Nd8
65.Bg6 c5 66.Bc2 Nf7 67.Ba4+ Kd8 68.Ba5+ Kc8 69.Be8 Nd8 70.Ke4 Nb7 71.Bd2 Kd8
72.Bc6 Kc7 73.Bxb7 Kxb7 74.h6 g6 75.Ba5 Kc8 76.Bb6 Kd7 77.Bxc5  1-0

[Event "Politiken Cup"]
[Site "Copenhagen DEN"]
[Date "2010.08.06"]
[Round "8"]
[White "Hansen,Herl"]
[Black "Schmidt,Ho DEN"]
[Result "1-0"]
[WhiteElo "2026"]
[BlackElo "1878"]

1.Nf3 d5 2.g3 Nf6 3.Bg2 e6 4.b3 Be7 5.Bb2 Nbd7 6.O-O c5 7.e3 O-O 8.c4 Nb6
9.Na3 Bd7 10.Ne5 Bc6 11.d4 cxd4 12.Qxd4 Nbd7 13.Nxc6 bxc6 14.Nc2 Qc7 15.Rac1 e5
16.Qc3 a5 17.cxd5 Rfc8 18.dxc6 Nb6 19.Qxe5 Bd6 20.Qg5 Ne8 21.a3 f6 22.Qh4 Qf7
23.Nd4 Nc7 24.Rfd1 Be5 25.Qg4 Kh8 26.a4 Bxd4 27.Bxd4 Qxb3 28.Rb1 Qxa4 29.Rxb6 Qc4
30.Qh5 Rab8 31.Be4 Qg8 32.Rxb8 Rxb8 33.Bxf6 gxf6 34.Rd7  1-0

[Event "GM"]
[Site "Stara Pazova SRB"]
[Date "2010.08.06"]
[Round "7"]
[White "Cabrilo,G"]
[Black "Bodiroga,P"]
[Result "1/2-1/2"]
[WhiteElo "2455"]
[BlackElo "2406"]

1.Nf3 d5 2.g3 Bg4 3.Bg2 Nd7 4.d4 Ngf6 5.O-O e6 6.Nbd2 Be7 7.c4 c6 8.b3 O-O
9.Bb2 Bh5 10.Re1 Qb6 11.c5 Qc7 12.b4 b6 13.Bc3 Rad8 14.Qc1 h6 15.e3  1/2-1/2

[Event "Politiken Cup"]
[Site "Copenhagen DEN"]
[Date "2010.08.07"]
[Round "9"]
[White "Jacobsen,Bo"]
[Black "Eriksson,C"]
[Result "0-1"]
[WhiteElo "2335"]
[BlackElo "2128"]

1.Nf3 d5 2.g3 Nf6 3.Bg2 c6 4.b3 Bf5 5.Bb2 e6 6.d3 Nbd7 7.Nbd2 Bd6 8.O-O O-O
9.Nh4 Bg6 10.Qe1 Qe7 11.a3 e5 12.e4 dxe4 13.dxe4 Bc5 14.b4 Bd6 15.c4 c5 16.b5 Bc7
17.Bc3 Rfe8 18.Bh3 Nf8 19.Qe2 Ne6 20.Bxe6 Qxe6 21.f3 Nd7 22.Ng2 f6 23.Ne3 Bf7
24.a4 Nf8 25.Nb3 b6 26.Nd5 Qc8 27.a5 Ne6 28.Qd3 Qb7 29.Ra2 Red8 30.Rfa1 h6
31.Qf1 Nd4 32.Bxd4 exd4 33.Nxc7 Qxc7 34.axb6 Qxb6 35.Ra6 Qc7 36.Qd3 Rd6 37.Rxd6 Qxd6
38.Ra6 Qd7 39.Nxc5 Qc7 40.Qxd4 Rd8 41.Rxa7 Qb6 42.Ra6 Qc7 43.Rc6 Qa5 44.Nd7 Qe1+
45.Kg2 Qe2+ 46.Kh3 Qf1+  0-1

[Event "Politiken Cup"]
[Site "Copenhagen DEN"]
[Date "2010.08.07"]
[Round "9"]
[White "Brondum,E"]
[Black "Nielsen,KaiG"]
[Result "1/2-1/2"]
[WhiteElo "2145"]
[BlackElo "1891"]

1.Nf3 d5 2.g3 Nf6 3.Bg2 g6 4.O-O Bg7 5.d3 O-O 6.Nbd2 Nbd7 7.e4 dxe4 8.Nxe4 c6
9.Qe2 Nxe4 10.dxe4 Qb6 11.c3 Ne5 12.Nxe5 Bxe5 13.Be3 Qa5 14.Bh6 Bg7 15.Bxg7 Kxg7
16.f4 e6 17.e5 b5 18.Rfd1 Ba6 19.Qe3 b4 20.cxb4 Qxb4 21.Qd4 Qxd4+ 22.Rxd4 Rab8
23.b3 Rb6 24.Rc1 Rc8 25.Rc5 Kf8 26.Kf2 Bb7 27.Rd7 Ke8 28.Rd2 Rd8 29.Rdc2 Kd7
30.Ke3 Kc7 31.Bf3 h5 32.h3 Rf8 33.g4 hxg4 34.hxg4 Rh8 35.Rc1 Ra6 36.R5c2 Rh6
37.Kf2 Rh2+ 38.Kg3 Rxc2 39.Rxc2 Kd7 40.Kh4 Ke7 41.a4 Rb6 42.a5 Rxb3 43.Bxc6 f6
44.Ba4 Rb4 45.Rc7+ Kd8 46.Rg7 fxe5 47.Bc2 exf4 48.Bxg6  1/2-1/2

[Event "ch-CRC"]
[Site "San Jose CRC"]
[Date "2010.08.07"]
[Round "10"]
[White "Valdes,Le"]
[Black "Alfaro Rojas,A"]
[Result "1-0"]
[WhiteElo "2429"]
[BlackElo "2188"]

1.Nf3 d5 2.g3 Nf6 3.Bg2 c6 4.c4 g6 5.b3 Bg7 6.Bb2 O-O 7.O-O Bg4 8.d3 Nbd7
9.Nbd2 Re8 10.h3 Bxf3 11.Bxf3 e5 12.Bg2 e4 13.cxd5 exd3 14.exd3 Nxd5 15.d4 Nc5
16.Qc2 Ne6 17.Nf3 Qb6 18.Rad1 Rad8 19.Rfe1 Re7 20.Qb1 a5 21.h4 a4 22.bxa4 Qb4
23.Ba1 Qxa4 24.Rd3 Qa5 25.Red1 Rde8 26.a3 Rd8 27.Rb3 Qa4 28.Rbd3 f6 29.Rf1 Qa6
30.Rb3 b5 31.h5 g5 32.Qf5 Nec7 33.Rd3 Qc8 34.Qxc8 Rxc8 35.Rc1 Ne8 36.Nxg5 Nb6
37.Ne4 f5 38.Nd2 Rec7 39.Bc3 Nd5 40.Ba5 Rd7 41.Nb3 Bf8 42.Nc5 Ra7 43.Bb4 Rca8
44.Bxd5+ cxd5 45.Rf3 Rf7 46.Re1 Bg7 47.Ne6 Bh8 48.Ng5 Rd7 49.Rxf5 Bxd4 50.Rf8+  1-0

[Event "Arctic Chess Challenge"]
[Site "Tromso NOR"]
[Date "2010.08.07"]
[Round "8"]
[White "Wohl,A"]
[Black "Kobalia,M"]
[Result "0-1"]
[WhiteElo "2375"]
[BlackElo "2648"]

1.Nf3 d5 2.g3 Bg4 3.Bg2 Nd7 4.c4 dxc4 5.Na3 c6 6.Nxc4 Ngf6 7.O-O Be6 8.Qc2 g6
9.b3 Bg7 10.Bb2 O-O 11.Rfe1 Rc8 12.d4 c5 13.Ng5 Bxc4 14.Qxc4 Nb6 15.Qd3 c4
16.bxc4 Nxc4 17.Bc3 Nd5 18.Rac1 Nxc3 19.Rxc3 Qxd4 20.Qxd4 Bxd4 21.Rd3 Bf6
22.Ne4 Rc7 23.Nxf6+ exf6 24.Rc1 b5 25.a4 b4 26.a5 Rfc8 27.Rb3 Nd2 28.Rd3 Nc4
29.Rd4 b3 30.Bd5  0-1

[Event "Politiken Cup"]
[Site "Copenhagen DEN"]
[Date "2010.08.08"]
[Round "10"]
[White "Knudsen,JesW"]
[Black "Porte,H"]
[Result "1/2-1/2"]
[WhiteElo "1985"]
[BlackElo "2130"]

1.Nf3 d5 2.g3 c5 3.Bg2 Nc6 4.d3 Nf6 5.Nbd2 e5 6.e4 Bg4 7.c3 Be7 8.h3 Bxf3
9.Qxf3 dxe4 10.dxe4 O-O 11.O-O b5 12.Rd1 Qb6 13.Nf1 Rfd8 14.Ne3 Rxd1+ 15.Qxd1 Rd8
16.Qe2 Bd6 17.Nd5 Nxd5 18.exd5 Na5 19.b3 c4 20.b4 Nb7 21.a4 a5 22.Bg5 Re8
23.Be3 Qa6 24.axb5 Qxb5 25.bxa5 Nxa5 26.Qa2 Nb3 27.Qa4 Qb8 28.Rb1 Rc8 29.Bf1 Qc7
30.Qxc4 Nc5 31.Rb5 h6 32.Kg2 Qe7 33.Be2 Rc7 34.Rb8+ Kh7 35.Bxc5 Rxc5 36.Qe4+ f5
37.Qxf5+ g6 38.Qe6 Qxe6 39.dxe6 Kg7 40.Rb6 Be7 41.c4 Ra5 42.Rb5 Ra6 43.Rxe5 Kf6
44.f4 g5 45.Bg4 gxf4 46.gxf4 Ra3 47.Rh5 Kg6 48.Rd5 Rc3 49.Be2 Kf6 50.f5 Re3
51.Bd3 h5 52.h4 Kg7 53.Rd7 Kf6 54.Rd5 Re1 55.Kf3 Rh1 56.c5 Rc1 57.Ke4 Bxc5
58.Be2 Be7 59.Bxh5 Rc4+ 60.Kf3 Rxh4 61.Bg6 Rb4 62.Rd7 Ra4 63.Rb7 Rb4 64.Rc7 Rf4+
65.Ke2 Rb4 66.Kd3 Ra4 67.Rc1 Rh4 68.Rc8 Bd6 69.Rc4 Rxc4 70.Kxc4 Be7 71.Kd5 Ba3
72.Ke4 Bb4 73.Kf4 Ba3 74.Kg4 Bb4 75.Bh7 Ba3 76.Kh5 Bb4 77.Bg6 Ba3 78.Kh6 Bb4
79.Kh7 Ba3 80.Kg8 Bb4  1/2-1/2

[Event "Politiken Cup"]
[Site "Copenhagen DEN"]
[Date "2010.08.08"]
[Round "10"]
[White "Danielsen,Hen"]
[Black "Meier,Geo"]
[Result "1/2-1/2"]
[WhiteElo "2512"]
[BlackElo "2648"]

1.g3 d5 2.Nf3 Bg4 3.Bg2 e6 4.c4 c6 5.cxd5 Bxf3 6.Bxf3 cxd5 7.Nc3 Nc6 8.d3 Nf6
9.O-O Be7 10.Qb3 Qd7 11.Bg2 O-O 12.Bd2 Rac8 13.Rfc1 Rfd8 14.a3 h6 15.Qd1 e5
16.b4 e4 17.Qf1 Qe8 18.Bh3 Ra8 19.Nb5 Qf8 20.Be3 exd3 21.Nd4 d2 22.Rxc6 bxc6  1/2-1/2

[Event "GRENKE Rapid WCh"]
[Site "Mainz GER"]
[Date "2010.08.08"]
[Round "11"]
[White "Markowski,T"]
[Black "Gozzoli,Y"]
[Result "1/2-1/2"]
[WhiteElo "2628"]
[BlackElo "2520"]

1.g3 d5 2.Nf3 c6 3.Bg2 Bg4 4.O-O Nd7 5.d3 Ngf6 6.h3 Bh5 7.c4 e6 8.cxd5 exd5
9.Nc3 Be7 10.e4 dxe4 11.dxe4 Nc5 12.Qxd8+ Rxd8 13.Ne5 Nfd7 14.Nxd7 Rxd7 15.Be3 O-O
16.g4 Bg6 17.Rfd1 Rfd8 18.f3 Nd3 19.Rd2 Nc5 20.Rxd7 Rxd7 21.Bf1 f6 22.Rd1 Rxd1
23.Nxd1 Bf7 24.Nc3 b5 25.b3 Kf8 26.Ne2 Ke8 27.Nd4 Kd7 28.Nf5 Bf8 29.Kf2 a5
30.Ke1 g6 31.Nd4 Ne6 32.Kd2 Bb4+ 33.Kd3 a4 34.Nc2 Bd6 35.bxa4 bxa4 36.Kc3 Nc7
37.Bc4 Nb5+ 38.Kd3 Be6 39.Bxe6+ Kxe6 40.Nd4+ Kd7 41.Nc2 c5 42.g5 fxg5 43.Bxg5 Nc7
44.Be3 Ne6 45.Kc4 Kc6 46.Ne1 Nf8 47.Nd3 Nd7 48.Kc3 Be7 49.f4  1/2-1/2

[Event "14th HZ Open"]
[Site "Vlissingen NED"]
[Date "2010.08.08"]
[Round "2"]
[White "Heltzel,J"]
[Black "Bjornes,L"]
[Result "1/2-1/2"]
[WhiteElo "2250"]
[BlackElo "1977"]

1.Nf3 d5 2.g3 Nf6 3.Bg2 g6 4.O-O Bg7 5.d3 O-O 6.Nbd2 Nbd7 7.e4 dxe4 8.dxe4 Ng4
9.Ng5 Nb6 10.h3 Ne5 11.Qe2 h6 12.Ngf3 Nxf3+ 13.Nxf3 e5 14.a4 c6 15.a5 Nd7
16.Nd2 Qc7 17.Nc4 Re8 18.Be3 Bf8 19.Rfd1 Nf6 20.f4 exf4 21.Bxf4 Bc5+ 22.Kh2 Qe7
23.Bd6 Bxd6 24.Nxd6 Rd8 25.e5 Ne8 26.Nxc8 Raxc8 27.Qe3 a6 28.Re1 Kg7 29.e6 f6
30.Re2 Rd6 31.Qb3 Kh7 32.Ra4 Ng7 33.Rb4 Rc7 34.Rbe4 f5 35.Re5 Rc8 36.Qb4  1/2-1/2

[Event "FSIMA August"]
[Site "Budapest HUN"]
[Date "2010.08.09"]
[Round "3"]
[White "To,N"]
[Black "Nguyen Thi Mai Hung"]
[Result "1-0"]
[WhiteElo "2441"]
[BlackElo "2240"]

1.Nf3 d5 2.g3 Bf5 3.Bg2 e6 4.O-O Nf6 5.c4 c6 6.Qb3 Qb6 7.d3 Nbd7 8.cxd5 Qxb3
9.axb3 exd5 10.Bd2 a6 11.Na3 Be7 12.b4 h6 13.Nc2 O-O 14.Bc3 Rfe8 15.Rfe1 Bh7
16.Ncd4 Bd6 17.Nd2 Bc7 18.h3 Bb6 19.N4b3 Rad8 20.Bd4 Bxd4 21.Nxd4 Re7 22.f4 Rde8
23.Kf2 Nf8 24.N2b3 N8d7 25.Na5 Nb6 26.Ndb3 Nc8 27.Nd4 Nd6 28.g4 Kh8 29.Bf3 Rc8
30.Nab3 Nd7 31.Nc5 Nf6 32.Rad1 Rce8 33.Ndb3 Rc8 34.h4 Rce8 35.Nd2 d4 36.Ncb3 Nb5
37.Nc4 Rd8 38.Nb6 Nd7 39.Na4 f6 40.Na5 Nf8 41.Nc5 Nd6 42.Ra1 Bg8 43.Nxa6 bxa6
44.Nxc6 Ree8 45.Nxd8 Rxd8 46.Rxa6 Ne6 47.f5 Nc7 48.Rc6 Nd5 49.Bxd5 Bxd5 50.Rc5 Bg8
51.h5 Ra8 52.Ra5 Rb8 53.Rea1 Kh7 54.Ra8 Rb6 55.Rd8 Bd5 56.Ra7 Nb5 57.Re7 Bc6
58.Rf7 Be8 59.Rxe8 Nd6 60.Re6 Nxf7 61.Rxb6 Ne5 62.Kg3 Kg8 63.Re6 Nf7 64.Re8+ Kh7
65.Re4 Nd8 66.Rxd4 Nc6 67.Rc4 Ne5 68.b5 Nd7 69.Rc7 Nb6 70.Rc6 Nd5 71.b6 Ne7
72.Re6 Nd5 73.b7 Nc7 74.b8=Q  1-0

[Event "ch-SLO w"]
[Site "Ljubljana SLO"]
[Date "2010.08.09"]
[Round "3"]
[White "Bucar,N"]
[Black "Urbanc,S"]
[Result "1-0"]
[WhiteElo "1989"]
[BlackElo "1664"]

1.Nf3 d5 2.g3 Nc6 3.d3 e5 4.Nbd2 Bg4 5.Bg2 Qd7 6.h3 Be6 7.Ng5 Bc5 8.Nxe6 fxe6
9.a3 a5 10.O-O Nge7 11.e3 Nf5 12.Nf3 O-O 13.c3 Rf6 14.d4 Bd6 15.b3 e4 16.Nh2 Raf8
17.c4 Qf7 18.c5 Be7 19.b4 axb4 20.axb4 Nxb4 21.Ng4 Nd3 22.Nxf6+ Bxf6 23.Ra7 c6
24.Qb3 Rb8 25.Bb2 Bd8 26.Bc3 Qc7 27.Ba5 Qe7 28.Bxd8 Rxd8 29.Qxb7 Qg5 30.Qxc6 Nxf2
31.Rxf2 Nxe3 32.Qxe6+ Kh8 33.Qe7 Qxe7 34.Rxe7 Ra8 35.c6 Nxg2 36.Kxg2  1-0

[Event "14th HZ Open"]
[Site "Vlissingen NED"]
[Date "2010.08.09"]
[Round "4"]
[White "Zaragatski,I"]
[Black "Van Eijk,S"]
[Result "1-0"]
[WhiteElo "2472"]
[BlackElo "2322"]

1.Nf3 d5 2.g3 Nf6 3.Bg2 Bf5 4.O-O e6 5.c4 c6 6.b3 h6 7.Bb2 Be7 8.d3 O-O 9.Nbd2 Bh7
10.a3 a5 11.Bc3 b5 12.cxb5 cxb5 13.Qc2 Nbd7 14.b4 Qc7 15.Qb2 Nb6 16.Be5 Qb7
17.Nb3 axb4 18.axb4 Rxa1 19.Rxa1 Na4 20.Na5 Qa6 21.Qd4 Rc8 22.Nb3 Ne8 23.g4 Bg6
24.h4 f6 25.Bh2 Qc6 26.g5 h5 27.gxf6 gxf6 28.Qe3 Ng7 29.Nfd4 Qd7 30.Bh3 Kf7
31.Kh1 Rg8 32.Rg1 f5 33.Nf3 Bf6 34.Nbd4 Ne8 35.Be5 Bd8 36.Bh8  1-0

[Event "Troya Open"]
[Site "Canakkale TUR"]
[Date "2010.08.10"]
[Round "4"]
[White "Maghalashvili,Da"]
[Black "Topak,E"]
[Result "1-0"]
[WhiteElo "2465"]
[BlackElo "2269"]

1.Nf3 d5 2.g3 Nf6 3.Bg2 Bf5 4.c4 c6 5.cxd5 Bxb1 6.Rxb1 cxd5 7.O-O e6 8.d3 Nc6
9.b4 Bd6 10.Bb2 a6 11.e4 dxe4 12.dxe4 Bxb4 13.Nd4 Be7 14.Qa4 b5 15.Nxb5 axb5
16.Qxb5 O-O 17.Qxc6 Rxa2 18.e5 Nd5 19.Rfd1 Ra5 20.Qb7 Bc5 21.Bxd5 exd5 22.Bc3 Ra2
23.Bd4 Rc2 24.Qb3 Rc4 25.Qxc4 dxc4 26.Bxc5 Qc8 27.Bxf8 Kxf8 28.Rbc1 Qc5 29.Re1 Qd5
30.Rcd1 Qf3 31.Rc1 Qd5 32.Re3 Ke7 33.Rec3 Ke6 34.Rxc4 Qxe5 35.Rc7 Qe2 36.Ra7 Kf6
37.h4 g6 38.Rcc7 Kf5 39.Rxf7+ Kg4 40.Kh2 h6 41.Ra5 g5 42.Rff5  1-0

[Event "Negroponte Open"]
[Site "Chalkis GRE"]
[Date "2010.08.10"]
[Round "2"]
[White "Radovanovic,J"]
[Black "Sandipan,C"]
[Result "1/2-1/2"]
[WhiteElo "2329"]
[BlackElo "2637"]

1.Nf3 d5 2.g3 Bd7 3.Bg2 e6 4.O-O Bb5 5.d3 Nf6 6.b3 Be7 7.c4 Ba6 8.Bb2 O-O
9.Nbd2 c5 10.e4 Nc6 11.exd5 exd5 12.Ne5 Qc7 13.Re1 Rfe8 14.Ng4 Nxg4 15.Qxg4 d4
16.a3 b6 17.Re2 Bc8 18.Qh5 g6 19.Qh6 Bg4 20.Rxe7 Rxe7 21.Ne4 Rxe4 22.Bxe4 Re8
23.Bc1 Ne5 24.Bf4 Qe7 25.b4 Be2 26.Bxe5 Qxe5 27.bxc5 bxc5 28.Rb1 Rb8 29.Qc1 Kg7
30.Rxb8 Qxb8 31.Qc2 Bg4 32.Kg2 Qc8 33.h4 f5 34.Bd5 f4 35.Qd2 Bh3+ 36.Kh2 fxg3+
37.fxg3 Qf5 38.Be4 Qe6 39.Qf4 Bf5 40.Qc7+ Kh6  1/2-1/2

[Event "Negroponte Open"]
[Site "Chalkis GRE"]
[Date "2010.08.10"]
[Round "2"]
[White "Romanishin,O"]
[Black "Parginos,V"]
[Result "1-0"]
[WhiteElo "2544"]
[BlackElo "2227"]

1.Nf3 d5 2.g3 Bg4 3.Bg2 Nd7 4.c4 e6 5.Qb3 Ngf6 6.d4 Bxf3 7.Bxf3 Nb6 8.c5 Nc4
9.Qxb7 Rb8 10.Qc6+ Qd7 11.Qxd7+ Kxd7 12.b3 Na5 13.O-O Nc6 14.Rd1 Be7 15.Nc3 Rb4
16.e3 h5 17.h4 Ng4 18.Ba3 Rbb8 19.e4 Bf6 20.exd5 Nxd4 21.Be4 Rbd8 22.Kg2 Kc8
23.Rac1 Be5 24.d6 f5 25.Bd3 c6 26.Ba6+ Kd7 27.Ne2 Nxe2 28.Bxe2 f4 29.gxf4 Bxf4
30.Rc4 Rhf8 31.Rb4 Rb8 32.Rxb8 Rxb8 33.Rd4 e5 34.Ra4 Ra8 35.b4 Ke6 36.Bf3 Kd7
37.Ra6  1-0

[Event "Open"]
[Site "Olomouc CZE"]
[Date "2010.08.10"]
[Round "7"]
[White "Ptacnikova,L"]
[Black "Zilka,S"]
[Result "0-1"]
[WhiteElo "2262"]
[BlackElo "2493"]

1.Nf3 d5 2.g3 c6 3.Bg2 Bg4 4.O-O Nd7 5.d4 e6 6.Nbd2 Ngf6 7.Re1 Be7 8.e4 dxe4
9.Nxe4 Nxe4 10.Rxe4 Bf5 11.Re1 O-O 12.c3 h6 13.a4 a5 14.Bf4 Re8 15.Re2 Qb6
16.h3 Rad8 17.g4 Bh7 18.Rd2 Nf6 19.Ne5 Nd5 20.Qf3 Nxf4 21.Qxf4 Rf8 22.Qg3 Qc7
23.h4 Bd6 24.Re2 h5 25.g5 Bf5 26.Bh3 Bxh3 27.Qxh3 g6 28.Nc4 c5 29.Nxd6 Rxd6
30.dxc5 Qxc5 31.Rae1 Qc4 32.Re4 Qb3 33.R1e2 Rd1+ 34.Kg2 Rb1 35.Qe3 Qa2 36.b4 Qa1
37.Re1 Rxe1 38.Qxe1 Qxa4 39.bxa5 Qxa5 40.Rb4 Qd5+ 41.f3 Rd8 42.Rd4 Qa2+ 43.Kg3 Rxd4
44.cxd4 Qd5 45.Qc3 Qd6+ 46.Kh3 b5  0-1

[Event "TCh-MKD"]
[Site "Struga MKD"]
[Date "2010.08.10"]
[Round "2"]
[White "Mitkovski,Z"]
[Black "Stamenkov,V"]
[Result "0-1"]
[WhiteElo "2168"]
[BlackElo "2336"]

1.Nf3 d5 2.g3 g6 3.Bg2 Bg7 4.O-O Nf6 5.d4 c6 6.c4 O-O 7.Nc3 dxc4 8.a4 a5
9.Ne5 Be6 10.e4 Na6 11.Re1 Nb4 12.Bf1 Ne8 13.Be3 Nd6 14.f4 f6 15.Nf3 Nd3
16.Re2 Bg4 17.Rd2 f5 18.Bxd3 cxd3 19.e5 Ne4 20.Qb3+ Kh8 21.Nxe4 fxe4 22.Ng5 Qd5
23.Qxd5 cxd5 24.Kg2 h6 25.Nh3 Bxh3+ 26.Kxh3 e6 27.Rc1 Rfc8 28.Rdd1 Bf8 29.g4 Kh7
30.Kg3 Be7 31.h4 h5 32.g5 Bb4 33.Kf2 Kg7 34.Kf1 Kf7 35.Kf2 Ke7 36.Kf1 Kd7
37.Kf2 Rc4 38.Rxc4 dxc4 39.Bd2 Kc6 40.Ke3 Kd5 41.Bc3 Ra6 42.Rb1 Rb6 43.Rd1 Bxc3
44.bxc3 Rb2 45.Rd2 Rb3 46.f5 exf5 47.Rf2 Rxc3 48.Rd2 Rb3 49.Kf4 c3  0-1

[Event "Tch-ESP CECLUB GpA"]
[Site "Burguillos ESP"]
[Date "2010.08.11"]
[Round "3"]
[White "Garcia Castro,P"]
[Black "Arizmendi Martinez,J"]
[Result "0-1"]
[WhiteElo "2391"]
[BlackElo "2532"]

1.Nf3 d5 2.g3 g6 3.c4 d4 4.Bg2 Bg7 5.d3 e5 6.O-O Ne7 7.b4 O-O 8.Nbd2 Nd7
9.Nb3 Nf5 10.Nfd2 Rb8 11.Na5 Nf6 12.Ndb3 Re8 13.Nc5 c6 14.Bg5 h6 15.Bxf6 Qxf6
16.Ne4 Qe7 17.c5 Be6 18.Qc2 h5 19.Nc4 Red8 20.Rab1 h4 21.Bf3 hxg3 22.hxg3 Bd5
23.Kg2 Bh6 24.Rh1 Kg7 25.Rh3 Rh8 26.Rbh1 Bg5 27.Nxg5 Qxg5 28.Bxd5 Rxh3 29.Rxh3 cxd5
30.Nxe5 Ne3+ 31.fxe3 Qxe5 32.exd4 Qe3 33.g4 Qxd4 34.Qd2 Qxg4+ 35.Rg3 Qd4
36.Qe3 Qxe3 37.Rxe3 Kf6 38.d4 b6 39.Re5 bxc5 40.bxc5 Rb2 41.Kf3 Rxa2 42.Rxd5 a5
43.Rd6+ Ke7 44.Ra6 a4 45.d5 Rc2 46.Ra7+ Kf6 47.c6 Ke5 48.e4 Rc3+ 49.Kg4 Kxe4
50.Rxf7 Kxd5 51.Ra7 Rc4+ 52.Kg5 Kxc6 53.Kxg6 Kb6 54.Ra8 Kb5 55.Kf5 Kb4 56.Ke5 a3
57.Kd5 Rh4 58.Rb8+ Kc3 59.Ra8 Kb3 60.Kc5 a2 61.Rb8+ Ka3  0-1

[Event "49th WJun"]
[Site "Chotowa POL"]
[Date "2010.08.11"]
[Round "8"]
[White "Lomsadze,D"]
[Black "Fodor,T jr"]
[Result "1/2-1/2"]
[WhiteElo "2364"]
[BlackElo "2452"]

1.Nf3 d5 2.g3 c6 3.Bg2 Bg4 4.O-O Nf6 5.c4 e6 6.b3 Nbd7 7.Bb2 Bd6 8.d4 O-O
9.Ne5 Bf5 10.Nd2 a5 11.h3 h6 12.c5 Bc7 13.f4 Bh7 14.e3 Qe7 15.Qe2 Rfe8 16.g4 Nxe5
17.fxe5 Nd7 18.e4 Nf8 19.Rf2 Bd8 20.Raf1 Qd7 21.Rxf7 Qxf7 22.Rxf7 Kxf7 23.Nf1 Kg8
24.Bc1 Ng6 25.Ng3 Nh4 26.g5 Nxg2 27.Kxg2 Bxg5 28.Bxg5 hxg5 29.exd5 cxd5 30.Qg4 Re7
31.Qxg5 Rf7 32.Qg4 Re8 33.h4 Bf5 34.Qg5 Ref8 35.Nxf5 Rxf5 36.Qe7 Rf2+ 37.Kg1  1/2-1/2

[Event "7th CHN-RUS Rapid"]
[Site "Ningbo CHN"]
[Date "2010.08.11"]
[Round "1"]
[White "Zhou Jianchao"]
[Black "Vitiugov,N"]
[Result "1-0"]
[WhiteElo "2668"]
[BlackElo "2722"]

1.Nf3 d5 2.g3 c6 3.Bg2 Bg4 4.O-O Nd7 5.d3 e6 6.e4 Bd6 7.Nbd2 Ne7 8.h3 Bh5
9.Qe1 O-O 10.Nh4 Ng6 11.Nxg6 Bxg6 12.f4 f5 13.e5 Be7 14.Qe2 a5 15.a4 Nc5
16.Kh2 Qd7 17.b3 Rfb8 18.Ba3 Na6 19.Bxe7 Qxe7 20.d4 Be8 21.c3 c5 22.c4 Nb4
23.cxd5 Nxd5 24.Nc4 Ra6 25.Nd6 cxd4 26.Bxd5 exd5 27.Qd3 Qc7 28.Qxd4 Rc6 29.Rf2 g6
30.g4 fxg4 31.hxg4 Rd8 32.Raf1 Qe7 33.Kg3 Bf7 34.Nxf7 Qxf7 35.f5 Qg7 36.fxg6 Rxg6
37.Rf5 Qh6 38.Rf7 Qg5 39.R1f5 Qc1 40.Qf2 Qa3 41.Rxb7 d4 42.Rf6 Rf8 43.Qxd4 Rgxf6
44.exf6 Qc1 45.Qd5+ Kh8 46.f7 Qe3+ 47.Qf3 Qe5+ 48.Kh3 Kg7 49.Rb5 Qe7 50.Rxa5 Rxf7
51.Qc3+ Kg8 52.Ra8+ Rf8 53.Qc4+ Kg7 54.Qd4+ Kg8 55.Rxf8+ Qxf8 56.Qd5+ Kg7
57.Qg5+ Kh8 58.Qe5+ Kg8 59.Qd5+ Kg7 60.Kg2 Qb4 61.g5 Qg4+ 62.Kf2 Qf4+ 63.Ke2 Kg6
64.a5 Qh2+ 65.Kd3 Qa2 66.Kc4 Kh5 67.Kb4 Kg4 68.Kb5 Kh5 69.a6 Qe2+ 70.Ka5 Qa2+
71.Kb6 Qf2+ 72.Kb7 Qe3 73.g6+ Kxg6 74.a7 Qe7+ 75.Kb6 Qe3+ 76.Ka6 Qe2+ 77.Qb5 Qe4
78.Qb6+ Kh5 79.Qc5+ Kg6 80.Qd6+ Kh5 81.b4 Kg4 82.b5 h5 83.Qc6  1-0

[Event "7th CHN-RUS w Rapid"]
[Site "Ningbo CHN"]
[Date "2010.08.11"]
[Round "3"]
[White "Ju Wenjun"]
[Black "Gunina,V"]
[Result "1-0"]
[WhiteElo "2496"]
[BlackElo "2462"]

1.Nf3 d5 2.g3 Nf6 3.Bg2 c6 4.O-O Bf5 5.d3 e6 6.Nbd2 h6 7.Qe1 Be7 8.e4 Bh7
9.Qe2 O-O 10.b3 a5 11.a3 Na6 12.Bb2 b5 13.Ne5 Qb6 14.Kh1 Bc5 15.f4 Rac8 16.Rad1 Rfd8
17.g4 dxe4 18.dxe4 Be3 19.Ndc4 bxc4 20.Nxc4 Rxd1 21.Nxb6 Rxf1+ 22.Bxf1 Bxb6
23.Qxa6 Bxe4+ 24.Bg2 Rd8 25.Bxe4 Rd1+ 26.Kg2 Rd2+ 27.Kf1 Nxe4 28.Qxb6 Rxc2
29.Qd8+ Kh7 30.Qd3 Rf2+ 31.Kg1 Rxf4 32.h3 f5 33.Qd7  1-0